[Event "SCO-ch op 128th"]
[Site "Dunfermline"]
[Date "2023.07.07"]
[Round "1"]
[White "Browning, Isaac"]
[Black "Vasiliadis, Theodoros"]
[Result "1/2-1/2"]
[WhiteElo "2020"]
[BlackElo "1817"]
[PlyCount "78"]
[EventDate "2023.07.07"]
[EventType "swiss"]
[EventRounds "5"]
[EventCountry "SCO"]
[SourceTitle "CBM 215 Extra"]
[Source "ChessBase"]
[SourceDate "2023.09.30"]
[SourceVersion "1"]
[SourceVersionDate "2023.09.30"]
[SourceQuality "1"]

1. e4 e5 2. Nf3 Nc6 3. Bb5 Nf6 4. 0-0 Nxe4 5. d4 Nd6 6. Bxc6 dxc6 7. dxe5 Nf5 8. Qxd8+ Kxd8 9. Nc3 Be6 10. h3 Kc8 11. Rd1 b6 12. Ng5 Kb7 13. Nxe6 fxe6 14. Rd7 c5 15. Ne2 Kc6 16. Rd3 Re8 17. b3 Rg8 18. Bb2 g5 19. g4 Ne7 20. c4 Ng6 21. Rf1 Bg7 22. f4 gxf4 23. Nxf4 Nxe5 24. Bxe5 Bxe5 25. Nh5 Rd8 26. Rfd1 Rxd3 27. Rxd3 Rf8 28. Kg2 Bd4 29. Rf3 Rd8 30. Kg3 Kd6 31. Rf7 Rd7 32. Rxd7+ Kxd7 33. Kf4 Kd6 34. Ke4 Be5 35. Nf4 c6 36. Nd3 Bg7 37. Nf4 b5 38. Nh5 Bc3 39. h4 Be1 1/2-1/2

[Event "Edinburgh Park op"]
[Site "Edinburgh"]
[Date "2023.03.04"]
[Round "1"]
[White "Wilson, Stuart"]
[Black "Browning, Isaac"]
[Result "0-1"]
[WhiteElo "1631"]
[BlackElo "1977"]
[PlyCount "52"]
[EventDate "2023.03.04"]
[EventType "swiss"]
[EventRounds "5"]
[EventCountry "SCO"]
[SourceTitle "CBM 213 Extra"]
[Source "ChessBase"]
[SourceDate "2023.05.31"]
[SourceVersion "1"]
[SourceVersionDate "2023.05.31"]
[SourceQuality "1"]

1. e4 c5 2. Nf3 d6 3. b4 cxb4 4. d4 Nf6 5. Bd3 g6 6. 0-0 Bg7 7. a3 Nc6 8. d5 Nb8 9. Bb2 bxa3 10. Rxa3 0-0 11. Nd4 Nbd7 12. f4 Nc5 13. f5 Ncxe4 14. fxg6 hxg6 15. Bxe4 Nxe4 16. Rf4 Nf6 17. c4 Qb6 18. Rb3 Qc5 19. Na3 a6 20. Kh1 b5 21. Nc6 Re8 22. Nxe7+ Rxe7 23. Bxf6 Bxf6 24. Rxf6 bxc4 25. Rg3 Qb4 26. h4 Re1+ 0-1